Carregando...

Indira Goswami (Mamoni Raisom Goswami) & her fictional world : the search for the sea /

Translation of various works of the author; includes a brief critical review.

Detalhes bibliográficos
Autor principal: Goswāmī, Māmaṇi Raẏachama
Outros Autores: Satarawala, Kaikous Burjor
Formato: Printed Book
Idioma:English
Publicado em: Delhi : B.R. Pub. Corp. : Distributor, BRPC (India), c2002.
LEADER 01287cam a22002897a 4500
008 020809s2002 ii b 001 1 eng
010 |a  2002289507 
020 |a 8176462233 
025 |a I-E-2002-289507; 25; 28-91 
035 |a (DLC) 2002289507 
042 |a lcode 
082 |a 891.4537I09 SAT/I 
100 1 |a Goswāmī, Māmaṇi Raẏachama, 
240 1 0 |a Works.  |k Selections.  |l English.  |f 2002 
245 1 0 |a Indira Goswami (Mamoni Raisom Goswami) & her fictional world :  |b the search for the sea /  |c compiled by Kaikous Burjor Satarawala. 
246 3 |a Indira Goswami (Mamoni Raisom Goswami) and her fictional world 
260 |a Delhi :  |b B.R. Pub. Corp. :  |b Distributor, BRPC (India),  |c c2002. 
300 |a vi, 808 p. ;  |c 22 cm. 
500 |a "The first lady to win the Jnanpith Award from North-East." 
504 |a Includes bibliographical references and index. 
520 |a Translation of various works of the author; includes a brief critical review. 
700 1 |a Satarawala, Kaikous Burjor. 
906 |a 7  |b cbc  |c origode  |d 5  |e ncip  |f 20  |g y-gencatlg 
942 |c REF 
955 |a wd29 2002-08-12 to RCCD 
999 |c 199950  |d 199950 
952 |0 0  |1 0  |4 0  |6 891_450000000000000_SAT_I  |7 0  |9 221305  |a ENG  |b ENG  |c REF  |d 2017-05-19  |i 15934  |l 0  |o 891.45 SAT/I  |p ENG15934  |r 2017-05-19  |w 2018-08-21  |y REF